[Event "1st Serbian League 2022"]
[Site "Vrnjacka Banja"]
[Date "2022.09.28"]
[Round "9.33"]
[White "Tadic, Branko"]
[Black "Popovic, Dusan"]
[Result "1/2-1/2"]
[WhiteElo "2455"]
[BlackElo "2486"]
[Annotator "TA"]
[PlyCount "33"]
[EventDate "2022.09.20"]
[EventType "team-tourn"]
[EventCountry "SRB"]
[SourceTitle "playchess.com"]
[Source "ChessBase"]
[SourceQuality "1"]

1. Nf3 Nf6 2. g3 g6 3. Bg2 Bg7 4. O-O O-O 5. c4 d6 6. d4 Nc6 7. Nc3 e5 8. dxe5 dxe5 9. Bg5 Be6 10. Nd5 Bxd5 11. Bxf6 Bxf6 12. cxd5 Ne7 13. e4 c6 14. dxc6 Nxc6 15. Qxd8 Rfxd8 16. Rfd1 Kf8 17. Rac1 1/2-1/2

[Event "1st Serbian League 2022"]
[Site "Vrnjacka Banja"]
[Date "2022.09.28"]
[Round "9.34"]
[White "Boskovic, Drasko"]
[Black "Nikolovski, Nikola"]
[Result "1/2-1/2"]
[WhiteElo "2415"]
[BlackElo "2359"]
[Annotator "TA"]
[PlyCount "109"]
[EventDate "2022.09.20"]
[EventType "team-tourn"]
[EventCountry "SRB"]
[SourceTitle "playchess.com"]
[Source "ChessBase"]
[SourceQuality "1"]

1. d4 e6 2. Nf3 f5 3. Bf4 Nf6 4. e3 Be7 5. Be2 O-O 6. O-O d6 7. c4 Ne4 8. h3 Nd7 9. Qb3 g5 10. Bh2 Ndf6 11. Nfd2 Kh8 12. Nxe4 Nxe4 13. f3 Nf6 14. Nc3 Rg8 15. g4 Qf8 16. Nb5 Bd8 17. c5 a6 18. Qa3 Nd5 19. cxd6 f4 20. e4 Ne3 21. Nxc7 Rb8 22. e5 Qh6 23. d5 exd5 24. Qc3 Be6 25. Rf2 Rc8 26. Bf1 Rg7 27. Rc1 Bxc7 28. dxc7 Rd7 29. Bg2 Qg7 30. Qd4 Qf7 31. Re1 Rcxc7 32. Rxe3 fxe3 33. Qxe3 d4 34. Qxg5 d3 35. Bf4 Rc2 36. Bd2 Qe7 37. Qh6 Bd5 38. Bg5 Qf7 39. Bd2 Kg8 40. f4 Qg6 41. Qh4 Bxg2 42. f5 Qe8 43. e6 Bc6 44. exd7 Rc1+ 45. Bxc1 Qe1+ 46. Kh2 Qh1+ 47. Kg3 Qg1+ 48. Kf4 Qxc1+ 49. Ke5 Qc5+ 50. Kf6 Qd4+ 51. Kg5 Qg7+ 52. Kh5 Qf7+ 53. Kg5 Qg7+ 54. Kh5 Qf7+ 55. Kg5 1/2-1/2

[Event "1st Serbian League 2022"]
[Site "Vrnjacka Banja"]
[Date "2022.09.28"]
[Round "9.35"]
[White "Milenkovic, Mladen"]
[Black "Munizaba, Slobodan"]
[Result "0-1"]
[WhiteElo "2379"]
[BlackElo "2416"]
[Annotator "TA"]
[PlyCount "94"]
[EventDate "2022.09.20"]
[EventType "team-tourn"]
[EventCountry "SRB"]
[SourceTitle "playchess.com"]
[Source "ChessBase"]
[SourceQuality "1"]

1. e4 c5 2. Nf3 d6 3. d4 cxd4 4. Nxd4 Nf6 5. Nc3 a6 6. Bc4 e6 7. Bb3 b5 8. Bg5 Be7 9. Qf3 Qb6 10. O-O-O Nbd7 11. Rhe1 O-O 12. Qg3 Nc5 13. Bh6 Ne8 14. f4 Qb7 15. f5 b4 16. fxe6 Nxb3+ 17. axb3 bxc3 18. Nf5 Bf6 19. e7 cxb2+ 20. Kb1 Bxf5 21. exf8=Q+ Kxf8 22. exf5 gxh6 23. Rxd6 Qb4 24. Rxe8+ Rxe8 25. Rxf6 Re1+ 26. Kxb2 Qd4+ 27. Qc3 Rb1+ 28. Kxb1 Qxc3 29. Rxa6 Kg7 30. g4 Qe1+ 31. Ka2 Qe2 32. Rc6 Qxg4 33. Rc5 Qd4 34. Rc4 Qf2 35. b4 Qxf5 36. Kb3 Qd5 37. Kc3 f5 38. Rc5 Qe4 39. b5 f4 40. b6 f3 41. Rb5 Qc6+ 42. Kb4 f2 43. b7 f1=Q 44. b8=Q Qb1+ 45. Ka4 Qa6+ 46. Ra5 Qc4+ 47. Ka3 Qba2# 0-1

[Event "1st Serbian League 2022"]
[Site "Vrnjacka Banja"]
[Date "2022.09.28"]
[Round "9.36"]
[White "Krstic, Petar"]
[Black "Zlatanovic, Boroljub"]
[Result "0-1"]
[WhiteElo "2290"]
[BlackElo "2313"]
[Annotator "TA"]
[PlyCount "158"]
[EventDate "2022.09.20"]
[EventType "team-tourn"]
[EventCountry "SRB"]
[SourceTitle "playchess.com"]
[Source "ChessBase"]
[SourceQuality "1"]

1. d4 Nf6 2. Nf3 g6 3. Bg5 Bg7 4. Nbd2 d6 5. e4 O-O 6. c3 h6 7. Bh4 Qe8 8. Bd3 e5 9. O-O Nh5 10. dxe5 dxe5 11. Re1 Nd7 12. b4 Bf6 13. Bxf6 Ndxf6 14. Nc4 Nd7 15. a4 Qe7 16. a5 Re8 17. Qc2 Qf6 18. Ne3 Nf4 19. Bf1 Nf8 20. Rad1 Be6 21. a6 b6 22. c4 Rac8 23. c5 Nh7 24. Rd2 h5 25. Kh1 Bg4 26. Ng1 Rcd8 27. Rxd8 Rxd8 28. f3 Bd7 29. g3 Ne6 30. Nd5 Qg5 31. Qf2 bxc5 32. bxc5 c6 33. h4 Qh6 34. Ne3 Bc8 35. Nc4 Bxa6 36. Nxe5 Rd2 37. Be2 Nd4 38. f4 Bxe2 39. Nxe2 Qf8 40. Qe3 Rxe2 41. Rxe2 Nxe2 42. Qxe2 Qxc5 43. Qa2 Qe7 44. Qc4 c5 45. Kg2 Nf6 46. Kf3 Kg7 47. Nd3 Qd7 48. Nxc5 Qd1+ 49. Qe2 Qh1+ 50. Qg2 Qc1 51. Nd3 Qd1+ 52. Ke3 Ng4+ 53. Kd4 Qa4+ 54. Kc3 Nf6 55. Nc5 Qa3+ 56. Kc4 a5 57. Kb5 Qb4+ 58. Kc6 a4 59. e5 Ng8 60. e6 Ne7+ 61. Kd6 Qb6+ 62. Kxe7 Qxc5+ 63. Kd7 Qd4+ 64. Ke8 fxe6 65. Qa8 Kf6 66. Qa5 e5 67. Qa6+ Kf5 68. Qc8+ Ke4 69. Qc2+ Kf3 70. Qxg6 e4 71. f5 e3 72. Qc6+ Kf2 73. Qh1 Qe5+ 74. Kd8 e2 75. Qh2+ Kf3 76. Qh1+ Kg4 77. Qe1 Qd5+ 78. Ke7 Qd1 79. Qb4+ Kh3 0-1

[Event "1st Serbian League 2022"]
[Site "Vrnjacka Banja"]
[Date "2022.09.29"]
[Round "10.1"]
[White "Sanal, Vahap"]
[Black "Demchenko, Anton"]
[Result "0-1"]
[WhiteElo "2595"]
[BlackElo "2645"]
[Annotator "TA"]
[PlyCount "120"]
[EventDate "2022.09.20"]
[EventType "team-tourn"]
[EventCountry "SRB"]
[SourceTitle "playchess.com"]
[Source "ChessBase"]
[SourceQuality "1"]

1. e4 g6 2. d4 Bg7 3. Nc3 d6 4. Bg5 a6 5. Qd2 Nd7 6. O-O-O b5 7. Kb1 Bb7 8. f3 c5 9. Be3 Rc8 10. h4 Ngf6 11. g4 h6 12. dxc5 Nxc5 13. Rh2 b4 14. Nce2 Qc7 15. Nd4 Nfd7 16. h5 g5 17. Qxb4 e6 18. Rhd2 O-O 19. Nb3 d5 20. exd5 Nxb3 21. axb3 Bxd5 22. Bd4 Bxd4 23. Qxd4 Ne5 24. Be2 a5 25. f4 gxf4 26. Rf1 a4 27. bxa4 Nc4 28. Bxc4 Bxc4 29. Rfd1 Rfd8 30. Qc3 Rxd2 31. Qxd2 e5 32. Nh3 Be6 33. Nf2 Qc6 34. Nd3 Qxa4 35. b3 Qd4 36. Qg2 Qc3 37. Qd2 Qd4 38. Qg2 Bd5 39. Qf2 Qc3 40. Qd2 Bf3 41. Qxc3 Rxc3 42. Re1 f6 43. Kb2 Rc8 44. c4 Kf7 45. Nf2 Ke6 46. Kc3 Ra8 47. Kb2 Rd8 48. Kc3 f5 49. Nd3 Rxd3+ 50. Kxd3 fxg4 51. b4 g3 52. b5 g2 53. c5 Kd5 54. c6 e4+ 55. Kd2 Kd4 56. Rg1 e3+ 57. Kc1 Kd3 58. Kb2 e2 59. Rc1 Kd2 60. b6 Bxc6 0-1

[Event "1st Serbian League 2022"]
[Site "Vrnjacka Banja"]
[Date "2022.09.29"]
[Round "10.2"]
[White "Atalik, Suat"]
[Black "Gurel, Ediz"]
[Result "1-0"]
[WhiteElo "2436"]
[BlackElo "2437"]
[Annotator "TA"]
[PlyCount "107"]
[EventDate "2022.09.20"]
[EventType "team-tourn"]
[EventCountry "SRB"]
[SourceTitle "playchess.com"]
[Source "ChessBase"]
[SourceQuality "1"]

1. d4 d5 2. c4 c6 3. e3 Nf6 4. Nc3 Bf5 5. Nf3 e6 6. Nh4 Be4 7. f3 Bg6 8. Bd2 Be7 9. Nxg6 hxg6 10. Qc2 a5 11. cxd5 Nxd5 12. g3 Na6 13. a3 Nac7 14. Bg2 Rc8 15. Ne2 Nb5 16. e4 Nf6 17. Be3 O-O 18. Rd1 Qb6 19. Qb3 Qa6 20. Nf4 Rfd8 21. a4 Nc7 22. Kf2 b5 23. Rhe1 bxa4 24. Qxa4 Rb8 25. Qc2 Qb5 26. Nd3 Na6 27. Bf1 Nb4 28. Nxb4 Qxb4 29. Rb1 Rbc8 30. Qc3 Qb8 31. Red1 Bb4 32. Qc2 Qb7 33. Kg2 Rc7 34. Be2 c5 35. dxc5 Rdc8 36. Qd3 Bxc5 37. Bf4 Rc6 38. Rdc1 Ba7 39. Qb5 Qxb5 40. Bxb5 Rc2+ 41. Kh1 Bd4 42. Ba4 R2c5 43. Rxc5 Rxc5 44. Rc1 Rxc1+ 45. Bxc1 Kf8 46. b3 Ke7 47. Bd2 Bb6 48. b4 axb4 49. Bxb4+ Kd8 50. Bf8 Nh5 51. f4 Bd4 52. e5 g5 53. Kg2 f6 54. f5 1-0

[Event "1st Serbian League 2022"]
[Site "Vrnjacka Banja"]
[Date "2022.09.29"]
[Round "10.3"]
[White "Markus, Robert"]
[Black "Vucinic, Gojko"]
[Result "1-0"]
[WhiteElo "2615"]
[BlackElo "2380"]
[Annotator "TA"]
[PlyCount "81"]
[EventDate "2022.09.20"]
[EventType "team-tourn"]
[EventCountry "SRB"]
[SourceTitle "playchess.com"]
[Source "ChessBase"]
[SourceQuality "1"]

1. d4 Nf6 2. c4 g6 3. Nc3 d5 4. e3 Bg7 5. Qb3 e6 6. Qa3 a5 7. Nf3 Nc6 8. Bd2 Nb4 9. Qb3 O-O 10. a3 dxc4 11. Bxc4 Nbd5 12. O-O b6 13. Rac1 Bb7 14. Nxd5 exd5 15. Bb5 Qd6 16. Qc2 c6 17. Bxc6 Rac8 18. Bxb7 Rxc2 19. Rxc2 Rb8 20. Bc8 Ne4 21. Rfc1 Nxd2 22. Nxd2 b5 23. Bh3 Bf8 24. g3 a4 25. Nf3 b4 26. axb4 Rxb4 27. Ne5 Rb3 28. Bf1 Qb6 29. Rc8 Qb4 30. R1c7 Rxb2 31. Nd3 Qd2 32. Nxb2 Qxb2 33. Bg2 Qb3 34. Bf3 a3 35. Ra8 Kg7 36. Kg2 Bb4 37. Rd7 Be1 38. Bxd5 Qb5 39. Rxf7+ Kh6 40. e4 Qb2 41. Raa7 1-0

[Event "1st Serbian League 2022"]
[Site "Vrnjacka Banja"]
[Date "2022.09.29"]
[Round "10.4"]
[White "Saric, Sinisa"]
[Black "Kovacevic, Aleksandar"]
[Result "0-1"]
[WhiteElo "2372"]
[BlackElo "2471"]
[Annotator "TA"]
[PlyCount "142"]
[EventDate "2022.09.20"]
[EventType "team-tourn"]
[EventCountry "SRB"]
[SourceTitle "playchess.com"]
[Source "ChessBase"]
[SourceQuality "1"]

1. d4 Nf6 2. c4 e6 3. Nc3 Bb4 4. Qc2 d5 5. cxd5 exd5 6. Bg5 c5 7. dxc5 h6 8. Bh4 O-O 9. e3 Be6 10. Nf3 Nbd7 11. Be2 Rc8 12. O-O Nxc5 13. a3 Bxc3 14. Qxc3 g5 15. Bg3 Nfe4 16. Qe1 Nxg3 17. hxg3 Nb3 18. Rd1 Qb6 19. Bd3 Rfe8 20. Qb4 Qxb4 21. axb4 Bg4 22. Bb1 Rc4 23. Rxd5 Rxb4 24. Rfd1 Be6 25. Rd8 Kf8 26. Ne5 Nc5 27. Rxe8+ Kxe8 28. Rd2 Na4 29. Nd3 Rb5 30. Bc2 Nb6 31. Bd1 Ke7 32. e4 Bc4 33. Ne1 Rb4 34. f3 a5 35. Kf2 a4 36. f4 Bb5 37. Rc2 Bc6 38. Bf3 g4 39. Nd3 Rb3 40. Nc5 gxf3 41. Nxb3 axb3 42. Rc3 Na4 43. Rxb3 fxg2 44. Kxg2 Nc5 45. Ra3 f5 46. b4 Bxe4+ 47. Kh3 Nd3 48. b5 Kd6 49. Rc3 Nf2+ 50. Kh4 Bd3 51. b6 Be4 52. Kh5 Ng4 53. Kg6 Kd5 54. Rc1 Kd4 55. Rc7 Ke3 56. Rc3+ Kf2 57. Kh5 Ne3 58. Kxh6 Nf1 59. Kg5 Nxg3 60. Ra3 Ne2 61. Rh3 Ng1 62. Rh7 Nf3+ 63. Kf6 Nd4 64. Rh3 Kg2 65. Ra3 Kf2 66. Rh3 Ke2 67. Ra3 Nc6 68. Ke6 Nb4 69. Ra7 Nd3 70. Kf6 Nxf4 71. Ke5 Ke3 0-1

[Event "1st Serbian League 2022"]
[Site "Vrnjacka Banja"]
[Date "2022.09.29"]
[Round "10.5"]
[White "Brenjo, Slavisa"]
[Black "Milosevic, Milos"]
[Result "1/2-1/2"]
[WhiteElo "2409"]
[BlackElo "2379"]
[Annotator "TA"]
[PlyCount "44"]
[EventDate "2022.09.20"]
[EventType "team-tourn"]
[EventCountry "SRB"]
[SourceTitle "playchess.com"]
[Source "ChessBase"]
[SourceQuality "1"]

1. e4 c5 2. Nf3 d6 3. d4 cxd4 4. Nxd4 Nf6 5. Nc3 a6 6. Bg5 Nbd7 7. f4 Qc7 8. Qf3 h6 9. Bxf6 Nxf6 10. f5 Qc5 11. O-O-O g5 12. fxg6 Bg4 13. gxf7+ Kxf7 14. Qd3 Bxd1 15. Nxd1 Bg7 16. g3 Nxe4 17. Qxe4 Bxd4 18. c3 Bf6 19. Bc4+ Ke8 20. Qxb7 Qxc4 21. Qxa8+ Kf7 22. Qf3 Qxa2 1/2-1/2

[Event "1st Serbian League 2022"]
[Site "Vrnjacka Banja"]
[Date "2022.09.29"]
[Round "10.6"]
[White "Markovic, Miroslav"]
[Black "Omorjan, Dejan"]
[Result "1/2-1/2"]
[WhiteElo "2275"]
[BlackElo "2265"]
[Annotator "TA"]
[PlyCount "30"]
[EventDate "2022.09.20"]
[EventType "team-tourn"]
[EventCountry "SRB"]
[SourceTitle "playchess.com"]
[Source "ChessBase"]
[SourceQuality "1"]

1. e4 c5 2. c3 Nf6 3. d3 Nc6 4. Nf3 d6 5. g3 g6 6. Bg2 Bg7 7. O-O O-O 8. a3 Rb8 9. Re1 e5 10. Nbd2 b5 11. a4 a6 12. axb5 axb5 13. Nf1 h6 14. Ne3 Be6 15. d4 cxd4 1/2-1/2

[Event "1st Serbian League 2022"]
[Site "Vrnjacka Banja"]
[Date "2022.09.29"]
[Round "10.7"]
[White "Sarana, Alexey"]
[Black "Tadic, Stefan"]
[Result "0-1"]
[WhiteElo "2662"]
[BlackElo "2318"]
[Annotator "TA"]
[PlyCount "72"]
[EventDate "2022.09.20"]
[EventType "team-tourn"]
[EventCountry "SRB"]
[SourceTitle "playchess.com"]
[Source "ChessBase"]
[SourceQuality "1"]

1. d4 d5 2. Nf3 Nf6 3. c4 c6 4. Nc3 dxc4 5. a4 Bf5 6. Ne5 e6 7. f3 Bb4 8. e4 Bxe4 9. fxe4 Nxe4 10. Bd2 Qxd4 11. Nxe4 Qxe4+ 12. Qe2 Bxd2+ 13. Kxd2 Qd5+ 14. Kc1 O-O 15. Qe3 b5 16. Be2 Nd7 17. Nxd7 Qxd7 18. axb5 cxb5 19. Bf3 Rac8 20. Rxa7 Qd6 21. Kc2 b4 22. h4 h6 23. Rd1 Qg3 24. h5 Rfd8 25. Rd4 Rxd4 26. Qxd4 Qe1 27. Bd1 Qf1 28. Kc1 Qxg2 29. Qf4 c3 30. bxc3 bxc3 31. Qxf7+ Kh8 32. Be2 Qg5+ 33. Kc2 Qd2+ 34. Kb3 Qb2+ 35. Ka4 c2 36. Re7 Ra8+ 0-1

[Event "1st Serbian League 2022"]
[Site "Vrnjacka Banja"]
[Date "2022.09.29"]
[Round "10.8"]
[White "Ivanovic, Marko"]
[Black "Ivic, Velimir"]
[Result "0-1"]
[WhiteElo "2265"]
[BlackElo "2553"]
[Annotator "TA"]
[PlyCount "38"]
[EventDate "2022.09.20"]
[EventType "team-tourn"]
[EventCountry "SRB"]
[SourceTitle "playchess.com"]
[Source "ChessBase"]
[SourceQuality "1"]

1. e4 e5 2. Nf3 Nc6 3. d4 exd4 4. Bc4 Nf6 5. e5 Ne4 6. Qe2 Nc5 7. O-O Ne6 8. c3 d5 9. exd6 Bxd6 10. cxd4 O-O 11. Be3 Nf4 12. Qd2 Qf6 13. Nc3 Nxg2 14. Kxg2 Bh3+ 15. Kxh3 Qxf3+ 16. Kh4 Nxd4 17. Qxd4 Be7+ 18. Bg5 Bxg5+ 19. Kxg5 h6+ 0-1

[Event "1st Serbian League 2022"]
[Site "Vrnjacka Banja"]
[Date "2022.09.29"]
[Round "10.10"]
[White "Arsovic, Zoran"]
[Black "Djukic, Nikola"]
[Result "1/2-1/2"]
[WhiteElo "2362"]
[BlackElo "2536"]
[Annotator "TA"]
[PlyCount "81"]
[EventDate "2022.09.20"]
[EventType "team-tourn"]
[EventCountry "SRB"]
[SourceTitle "playchess.com"]
[Source "ChessBase"]
[SourceQuality "1"]

1. Nf3 Nf6 2. c4 g6 3. g3 Bg7 4. Bg2 O-O 5. O-O d5 6. cxd5 Nxd5 7. Nc3 c5 8. Nxd5 Qxd5 9. d4 cxd4 10. Be3 Qh5 11. Nxd4 Nd7 12. Rc1 Nf6 13. Nf3 Qb5 14. b3 Qa6 15. Qd3 Qxd3 16. exd3 Rd8 17. Bc5 Nd5 18. Rfe1 Bf6 19. Ne5 Be6 20. a4 Rdc8 21. Nd7 Bc3 22. Rxe6 fxe6 23. Bxd5 exd5 24. Rxc3 Rc7 25. Ne5 Rac8 26. d4 b6 27. b4 bxc5 28. bxc5 Rb8 29. Nd3 Rb1+ 30. Kg2 Ra1 31. Nf4 e6 32. Nxe6 Rc8 33. Nf4 Rd8 34. c6 Rxa4 35. Nxd5 Rxd4 36. c7 R4xd5 37. c8=Q Rxc8 38. Rxc8+ Kg7 39. Rc7+ Kg8 40. Rxa7 h5 41. h3 1/2-1/2

[Event "1st Serbian League 2022"]
[Site "Vrnjacka Banja"]
[Date "2022.09.29"]
[Round "10.11"]
[White "Strikovic, Aleksa"]
[Black "Radusinovic, Lazar"]
[Result "0-1"]
[WhiteElo "2491"]
[BlackElo "2308"]
[Annotator "TA"]
[PlyCount "86"]
[EventDate "2022.09.20"]
[EventType "team-tourn"]
[EventCountry "SRB"]
[SourceTitle "playchess.com"]
[Source "ChessBase"]
[SourceQuality "1"]

1. c4 e5 2. g3 Nc6 3. Bg2 d6 4. Nc3 Be6 5. d3 Qd7 6. Rb1 Be7 7. b4 Nf6 8. Nd5 O-O 9. b5 Nd8 10. Qa4 h6 11. Ba3 a6 12. Nxe7+ Qxe7 13. Nf3 e4 14. dxe4 Nxe4 15. Rb3 Qf6 16. Bb2 Nc5 17. Qa3 Qg6 18. Rc3 axb5 19. Qxa8 Nc6 20. Qxf8+ Kxf8 21. O-O bxc4 22. Ra3 Kg8 23. Rc1 Qh5 24. h3 Na6 25. g4 Qb5 26. Bc3 Qc5 27. Ra4 d5 28. e3 Qf8 29. Bb2 Nab4 30. Ne1 Qc8 31. Bc3 Na6 32. Rb1 Nc5 33. Ra3 h5 34. f3 f5 35. Bd4 Qf8 36. Rc3 f4 37. Nc2 fxe3 38. Bxe3 Qf6 39. Ra3 d4 40. Bf2 Qg6 41. Rb5 Qxc2 42. Ra8+ Kf7 43. Rxc5 d3 0-1

[Event "1st Serbian League 2022"]
[Site "Vrnjacka Banja"]
[Date "2022.09.29"]
[Round "10.12"]
[White "Todorovic, Goran N"]
[Black "Perunovic, Miodrag"]
[Result "0-1"]
[WhiteElo "2305"]
[BlackElo "2413"]
[Annotator "TA"]
[PlyCount "80"]
[EventDate "2022.09.20"]
[EventType "team-tourn"]
[EventCountry "SRB"]
[SourceTitle "playchess.com"]
[Source "ChessBase"]
[SourceQuality "1"]

1. Nf3 Nf6 2. c4 g6 3. Nc3 Bg7 4. e4 d6 5. d4 O-O 6. h3 e5 7. d5 Nh5 8. Nh2 Qe8 9. Be2 Nf4 10. Bf3 f5 11. g3 Nxh3 12. Bg2 fxe4 13. Be3 g5 14. Nxe4 Qg6 15. Nc3 Bf5 16. Nf3 Bc2 17. Qd2 Nf4 18. gxf4 gxf4 19. Nh4 fxe3 20. Qxe3 Qd3 21. Be4 Qxe3+ 22. fxe3 Bxe4 23. Nxe4 Nd7 24. Ke2 h6 25. Rag1 Rf7 26. Rg2 a6 27. Rhg1 Kh7 28. Nf5 Bf8 29. Ng5+ hxg5 30. Rxg5 Bh6 31. Rh5 Rxf5 32. Rxf5 Rf8 33. Rxf8 Bxf8 34. Kf3 Nf6 35. Rg2 Bh6 36. b4 e4+ 37. Ke2 b5 38. cxb5 axb5 39. Rg1 Nxd5 40. Rc1 Bxe3 0-1

[Event "1st Serbian League 2022"]
[Site "Vrnjacka Banja"]
[Date "2022.09.29"]
[Round "10.13"]
[White "Yilmazyerli, Mert"]
[Black "Ioannidis, Evgenios"]
[Result "0-1"]
[WhiteElo "2533"]
[BlackElo "2486"]
[Annotator "TA"]
[PlyCount "66"]
[EventDate "2022.09.20"]
[EventType "team-tourn"]
[EventCountry "SRB"]
[SourceTitle "playchess.com"]
[Source "ChessBase"]
[SourceQuality "1"]

1. Nf3 d5 2. g3 g6 3. Bg2 Bg7 4. d4 c6 5. O-O Nf6 6. c4 dxc4 7. a4 Ne4 8. Qc2 Nd6 9. e4 Na6 10. Na3 Be6 11. Bd2 O-O 12. Bc3 Bh6 13. Qe2 Nc7 14. Ne5 f5 15. d5 cxd5 16. exd5 Bxd5 17. Rad1 e6 18. Naxc4 Re8 19. Ne3 Bxg2 20. Kxg2 Bxe3 21. Qxe3 Nd5 22. Rxd5 exd5 23. Qd4 Qf6 24. Qxd5+ Qe6 25. Qd4 Ne4 26. Ng4 Nxc3 27. Nh6+ Kf8 28. Qh8+ Ke7 29. Qg7+ Kd6 30. Qxc3 Qd5+ 31. Kg1 Rac8 32. Nf7+ Kd7 33. Qa3 Kc7 0-1

[Event "1st Serbian League 2022"]
[Site "Vrnjacka Banja"]
[Date "2022.09.29"]
[Round "10.14"]
[White "Damljanovic, Branko"]
[Black "Gokerkan, Cem Kaan"]
[Result "1/2-1/2"]
[WhiteElo "2436"]
[BlackElo "2465"]
[Annotator "TA"]
[PlyCount "58"]
[EventDate "2022.09.20"]
[EventType "team-tourn"]
[EventCountry "SRB"]
[SourceTitle "playchess.com"]
[Source "ChessBase"]
[SourceQuality "1"]

1. e4 c5 2. Nf3 d6 3. d4 cxd4 4. Nxd4 Nf6 5. Nc3 a6 6. g3 e5 7. Nb3 Be6 8. Bg2 b5 9. a4 b4 10. Nd5 a5 11. O-O Be7 12. Bd2 Nc6 13. c3 Rb8 14. Rb1 O-O 15. Qe2 bxc3 16. bxc3 Qd7 17. Qa6 Rfc8 18. Nxa5 Ra8 19. Nxc6 Rxa6 20. Ncxe7+ Kf8 21. Nxc8 Qxc8 22. Rb4 Bxd5 23. exd5 Ra8 24. Rfb1 Qf5 25. Rb8+ Rxb8 26. Rxb8+ Ke7 27. Rb7+ Kf8 28. Rb8+ Ke7 29. Rb7+ Kf8 1/2-1/2

[Event "1st Serbian League 2022"]
[Site "Vrnjacka Banja"]
[Date "2022.09.29"]
[Round "10.15"]
[White "Arsovic, Goran"]
[Black "Tadic, Branko"]
[Result "1/2-1/2"]
[WhiteElo "2362"]
[BlackElo "2455"]
[Annotator "TA"]
[PlyCount "21"]
[EventDate "2022.09.20"]
[EventType "team-tourn"]
[EventCountry "SRB"]
[SourceTitle "playchess.com"]
[Source "ChessBase"]
[SourceQuality "1"]

1. d4 Nf6 2. Nf3 g6 3. c4 Bg7 4. g3 O-O 5. Bg2 c5 6. Nc3 cxd4 7. Nxd4 Nc6 8. O-O Qa5 9. e3 d6 10. Bd2 Bd7 11. Bc1 1/2-1/2

[Event "1st Serbian League 2022"]
[Site "Vrnjacka Banja"]
[Date "2022.09.29"]
[Round "10.16"]
[White "Nikolovski, Nikola"]
[Black "Ristic, Nenad"]
[Result "1-0"]
[WhiteElo "2359"]
[BlackElo "2267"]
[Annotator "TA"]
[PlyCount "133"]
[EventDate "2022.09.20"]
[EventType "team-tourn"]
[EventCountry "SRB"]
[SourceTitle "playchess.com"]
[Source "ChessBase"]
[SourceQuality "1"]

1. e4 c6 2. d4 d5 3. exd5 cxd5 4. Bd3 Nc6 5. c3 Nf6 6. Bf4 Bg4 7. Qb3 e5 8. dxe5 Nh5 9. Be3 Nxe5 10. Bb5+ Nc6 11. Be2 Bxe2 12. Nxe2 Qd7 13. Nd2 Nf6 14. Nf3 Bd6 15. O-O O-O 16. Bg5 Rfe8 17. Ned4 Ne4 18. Rad1 h6 19. Be3 Rad8 20. Rfe1 Bb8 21. Qc2 Na5 22. Nd2 Qd6 23. Nf1 Nc4 24. Bc1 Qa6 25. a3 Qb6 26. Nf5 a6 27. N5e3 Nxe3 28. Bxe3 Qc6 29. Bd4 b5 30. Re3 Re6 31. Rde1 Rde8 32. Qd1 Bc7 33. Qg4 Rg6 34. Qh5 Ree6 35. Qh3 Bb6 36. Bxb6 Qxb6 37. R1e2 a5 38. g3 Qc6 39. Qg2 Qc5 40. Kh1 b4 41. axb4 axb4 42. f3 Nd6 43. Qf2 Qb5 44. Kg2 Rgf6 45. Qe1 bxc3 46. bxc3 Qe8 47. Qd1 Nc4 48. Rxe6 Rxe6 49. Kf2 Qb5 50. Ne3 Nb2 51. Qc2 Nd3+ 52. Kg2 Qa6 53. Qd2 Rb6 54. Qa2 Ne1+ 55. Kf2 Nd3+ 56. Kg2 Ne1+ 57. Kf2 Nd3+ 58. Kg2 Qb5 59. Nxd5 Ra6 60. Ne7+ Kf8 61. Qd2 Rd6 62. Qc2 Rd7 63. c4 Qb4 64. Kh3 Nc1 65. Nd5 Qc5 66. Qh7 f6 67. Qh8+ 1-0

[Event "1st Serbian League 2022"]
[Site "Vrnjacka Banja"]
[Date "2022.09.29"]
[Round "10.17"]
[White "Rajkovic, Mladen"]
[Black "Zlatanovic, Boroljub"]
[Result "1-0"]
[WhiteElo "2335"]
[BlackElo "2313"]
[Annotator "TA"]
[PlyCount "147"]
[EventDate "2022.09.20"]
[EventType "team-tourn"]
[EventCountry "SRB"]
[SourceTitle "playchess.com"]
[Source "ChessBase"]
[SourceQuality "1"]

1. e4 e6 2. d4 d5 3. Nd2 Nc6 4. Ngf3 Nf6 5. e5 Nd7 6. Bd3 Nb4 7. Be2 c5 8. c3 Nc6 9. O-O a5 10. a4 Be7 11. Bd3 cxd4 12. cxd4 Nb4 13. Bb1 b6 14. Re1 Ba6 15. Nf1 Rc8 16. Ne3 b5 17. h4 bxa4 18. Ng5 Bxg5 19. hxg5 Qxg5 20. Nc4 Qh4 21. g3 Qh3 22. Nd6+ Ke7 23. Nxc8+ Rxc8 24. Rxa4 Nc6 25. Bd3 Bxd3 26. Qxd3 Nb6 27. Qa6 Rb8 28. Qb5 Kd7 29. Rxa5 Nc8 30. Qa4 Rb4 31. Qa3 Nxd4 32. Qd3 Qg4 33. Ra3 Rc4 34. Qd1 Nc2 35. Rb3 Nxe1 36. Qxe1 Qe4 37. Be3 d4 38. Qd2 Qc2 39. Qxc2 Rxc2 40. Bxd4 Rc4 41. Be3 Ne7 42. Kf1 Nd5 43. Rd3 Kc6 44. Bd4 Nb4 45. Rd1 h5 46. Ke2 g5 47. b3 Rc2+ 48. Kf3 Nd5 49. Rh1 Rd2 50. Ke4 h4 51. gxh4 gxh4 52. Rxh4 Ne7 53. Rh3 Nf5 54. Rc3+ Kb5 55. Bc5 Rd8 56. b4 Rh8 57. Kf4 Rh5 58. Kg4 Rh6 59. Rh3 Rg6+ 60. Kf4 Rg7 61. Rh8 Kc6 62. Rc8+ Kb7 63. Rd8 Nh4 64. b5 Ng2+ 65. Kf3 Nh4+ 66. Ke4 Ng6 67. Rd7+ Kb8 68. Bd6+ Ka8 69. Rc7 Rh7 70. b6 Rh4+ 71. Ke3 Ra4 72. b7+ Ka7 73. b8=Q+ Kxb8 74. Rc4+ 1-0

[Event "1st Serbian League 2022"]
[Site "Vrnjacka Banja"]
[Date "2022.09.29"]
[Round "10.18"]
[White "Radlovacki, Jovan"]
[Black "Mijailovic, Zoran"]
[Result "1-0"]
[WhiteElo "2287"]
[BlackElo "2345"]
[Annotator "TA"]
[PlyCount "143"]
[EventDate "2022.09.20"]
[EventType "team-tourn"]
[EventCountry "SRB"]
[SourceTitle "playchess.com"]
[Source "ChessBase"]
[SourceQuality "1"]

1. e4 c5 2. Nf3 e6 3. c3 Nf6 4. Bd3 d5 5. e5 Nfd7 6. Bc2 c4 7. d4 cxd3 8. Bxd3 Nc6 9. Bf4 Be7 10. Qe2 Nc5 11. Bc2 d4 12. Qd2 d3 13. Bd1 Qd5 14. O-O g5 15. Bxg5 Ne4 16. Qf4 Nxg5 17. Nxg5 Nxe5 18. Nd2 Rg8 19. Ngf3 Ng6 20. Qe3 Bd7 21. Bb3 Qh5 22. Ne4 Nh4 23. Nxh4 Qxh4 24. Ng3 Bc6 25. Rad1 O-O-O 26. Rxd3 Rxd3 27. Qxd3 Bc5 28. Bc4 h5 29. Bb5 Bxb5 30. Qxb5 Qg5 31. Qc4 b5 32. Qe4 Kb8 33. Qf3 Bb6 34. Ne4 Qg4 35. Qxg4 hxg4 36. Rd1 f5 37. Nf6 Rd8 38. Rxd8+ Bxd8 39. Nd7+ Kc8 40. Nc5 e5 41. Kf1 Bf6 42. f3 gxf3 43. gxf3 Kc7 44. Ke2 Kd6 45. Nd3 a5 46. Ne1 Bg5 47. Nc2 Bc1 48. b3 Bg5 49. Kd3 Kd5 50. Ne3+ Ke6 51. c4 bxc4+ 52. Nxc4 Bd8 53. Ne3 Bg5 54. Nf1 Kd5 55. Ng3 Bf4 56. Nxf5 Bxh2 57. Ne3+ Kc5 58. a3 Kb5 59. Nc4 a4 60. b4 Bg3 61. Nd6+ Kc6 62. Ne4 Bf4 63. Kc4 Bc1 64. b5+ Kb6 65. Kb4 Bxa3+ 66. Kxa3 Kxb5 67. Ng5 Kc4 68. Kxa4 Kd4 69. Kb4 Ke3 70. Kc4 Kf4 71. Kd5 Kf5 72. Nh3 1-0

[Event "1st Serbian League 2022"]
[Site "Vrnjacka Banja"]
[Date "2022.09.29"]
[Round "10.19"]
[White "Ter-Sahakyan, Samvel"]
[Black "Predojevic, Borki"]
[Result "1/2-1/2"]
[WhiteElo "2630"]
[BlackElo "2584"]
[Annotator "TA"]
[PlyCount "39"]
[EventDate "2022.09.20"]
[EventType "team-tourn"]
[EventCountry "SRB"]
[SourceTitle "playchess.com"]
[Source "ChessBase"]
[SourceQuality "1"]

1. e4 c5 2. Nf3 Nc6 3. d4 cxd4 4. Nxd4 g6 5. Nc3 Bg7 6. Be3 Nf6 7. Bc4 O-O 8. Bb3 d6 9. f3 Qa5 10. Qd2 Nxd4 11. Bxd4 Be6 12. O-O-O b5 13. Kb1 b4 14. Nd5 Bxd5 15. exd5 Qb5 16. Rhe1 a5 17. Qd3 Qxd3 18. cxd3 a4 19. Bc4 Rab8 20. Rxe7 1/2-1/2